Vista normal Vista MARC

Entrada Personal Name

Número de registros utilizados en: 2

001 - CONTROL NUMBER

  • control field: 64540

003 - CONTROL NUMBER IDENTIFIER

  • control field: OSt

005 - DATE AND TIME OF LATEST TRANSACTION

  • control field: 20250901201016.0

008 - FIXED-LENGTH DATA ELEMENTS

  • fixed length control field: 250901|| aca||aabn | a|a d

040 ## - CATALOGING SOURCE

  • Original cataloging agency: OSt
  • Transcribing agency: OSt

100 ## - HEADING--PERSONAL NAME

  • Personal name: Carreón Rodríguez, Víctor Gerardo

670 ## - SOURCE DATA FOUND

  • Source citation: Work cat.: (OSt)58979: Mochón Morcillo, Francisco aut, Macroeconomía con aplicaciones en América Latina /









Instituto Departamental de Cultura del Meta - Red Departamental de Bibliotecas Públicas del Meta.